00417 2200169 4500001002100000008004100021035002000062245003100082100001800113260002900131300001800160020002200178084001400200082000800214650001000222990001500232INLIS000000000003246 ind  a0010-1225000067 aNovember FogcAriya Gesang aGesang, Ariya aJakarta :bBhuana Sastra a287c13x19 cm a978-623-04-2289-8 a813 GES n a813 aFiksi a19721/B/26